Bienvenue à la Médiathèque de Saint-Andiol
banniere
Accueil Recherche avancée Mon compte
handi1 Rechercher dans le catalogue

Filtre   Mots-clés
  Recherche avancée
 
Lister les dernières nouveautés
 
Lister les livres GROS CARACTERES
 
Lister les périodiques (magazines)

handi1 Ligue de tous les mondes (La)

Book Cover
Auteur principal : Ursula Kroeber Le Guin
Autres auteurs : Jean Bailhache
Titre : Ligue de tous les mondes (La)
Support : Livres
Langue : Francais
Series : Le Cycle de Hain
Genre : Science fiction
Collection :
Sujets :
Étiquettes :
Pas de tags
LEADER 01053nam0a2200217 450
001 16868147
010 |a 2-253-07252-4  |b Poche  |d 5,5 € 
100 |a 20030324d2003 u u0frey01 ba 
101 1 |a fre  |c fre 
102 |a FR 
200 0 |a Ligue de tous les mondes (La)  |f Ursula Le Guin  |g trad. de l'américain Jean Bailhache 
207 1 |a   
215 |a 189 p.  |d 18 x 11 cm 
225 1 |v 7252 
330 |a Une colonie a été installée sur la planète Gamma Draconis III, et le vaisseau spatial aussitôt rappelé. Les colons restèrent ainsi sans nouvelles pendant six siècles. Au bout de ce temps, un vaisseau arriva pour civiliser les hilfes, sans dépasser leur niveau. Mais le rêve de domination fut oublié et les Hors Venus durent se replier dans leur capitale trop grande... 
461 0 |t Le Cycle de Hain  |v 02 
700 0 |a Le Guin  |b Ursula Kroeber  |4 70 
702 0 |a Bailhache  |b Jean  |4 730 
900 |a Science fiction 
901 |a Adultes 
995 |a Médiathèque  |c Médiathèque  |f 00156004024477  |h 00156004024477  |k SF LEG LIG 2  |o p  |q a  |r az  |e Médiathèque